000
00335nam a2200145Ia 4500
005
20251223000717.0
008
251222s9999||||xx |||||||||||||| ||spa||
020
_a
1403971692
082
_a
658.834.309.51/D85
100
_a
Doctoroff, Tom
245
0
_a
Billions:
250
_a
1ra.ed.
264
_b
Palgrave Macmillan
942
_c
LIB
999
_c
41513
_d
41513